Belle speranze (Record n. 99294)

Dettagli MARC
000 -LEADER
fixed length control field 02276njm a2200409Ia 4500
001 - CONTROL NUMBER
control field E7733
003 - CONTROL NUMBER IDENTIFIER
control field IT-RoPAU
005 - DATE AND TIME OF LATEST TRANSACTION
control field 20220918181115.0
008 - FIXED-LENGTH DATA ELEMENTS--GENERAL INFORMATION
fixed length control field 131025s9999 xx 000 0 und d
040 ## - CATALOGING SOURCE
Original cataloging agency IT-RoPAU
040 ## - CATALOGING SOURCE
Transcribing agency IT-RoPAU
041 ## - LANGUAGE CODE
Language code of text/sound track or separate title ITALIANA
999 ## - SYSTEM CONTROL NUMBERS (KOHA)
Koha Dewey Subclass [OBSOLETE] n.d.
100 ## - MAIN ENTRY--PERSONAL NAME
Personal name AA.VV.
9 (RLIN) 794
100 ## - MAIN ENTRY--PERSONAL NAME
Relator term Autore musica
9 (RLIN) 31946
100 ## - MAIN ENTRY--PERSONAL NAME
Miscellaneous information Codice autore musica SPICS: 12000
9 (RLIN) 796
245 ## - TITLE STATEMENT
Title Belle speranze
250 ## - EDITION STATEMENT
Edition statement 1a ed.
260 ## - PUBLICATION, DISTRIBUTION, ETC. (IMPRINT)
Place of publication, distribution, etc. ITALIA
260 ## - PUBLICATION, DISTRIBUTION, ETC. (IMPRINT)
Name of publisher, distributor, etc. HARPO
Date of publication, distribution, etc. 1997 [1a Ed.:1997 - Ed. Lingua Orig.: 1997]
300 ## - PHYSICAL DESCRIPTION
Extent COMPACT DISC
300 ## - PHYSICAL DESCRIPTION
Dimensions 42 minuti (Testo: pag.)
500 ## - GENERAL NOTE
General note Musica leggera. Canzone italiana. Testi delle canzoni.
505 ## - FORMATTED CONTENTS NOTE
Formatted contents note Belle speranze (5:00) - Non sono un cantautore (5:00) - Apri la bocca [(E fai fuoco) (4:00)] - Il fiume e la nebbia (5:00) - Al fratello che non ho (4:00) - Nati ieri (5:00) - Il miracolo (5:00) - Caterina e il coraggio (6:00) - E' comunque Natale (3:00) - Un aeroplano a vela (4:00)
650 ## - SUBJECT ADDED ENTRY--TOPICAL TERM
Topical term or geographic name as entry element CANZONE ITALIAN [COMPACT DISC]
Relator term Codice MATERIA SPICS: 9949
9 (RLIN) 21937
700 ## - ADDED ENTRY--PERSONAL NAME
Personal name Mannoia Fiorella
Miscellaneous information Codice interprete SPICS: 14287
Relator term Interprete
9 (RLIN) 31947
700 ## - ADDED ENTRY--PERSONAL NAME
Personal name Fabrizi Piero
Miscellaneous information Codice autore testo/musica SPICS: 23584
Relator term Autore testo/musica
Name of part/section of a work Belle speranze - Non sono un cantautore - Nati ieri - Caterina e il coraggio - E' comunque Natale
9 (RLIN) 31948
700 ## - ADDED ENTRY--PERSONAL NAME
Personal name Gemma L.
Miscellaneous information Codice autore musica SPICS: 49680
Relator term Autore musica
Name of part/section of a work Apri la bocca (E fai fuoco)
9 (RLIN) 31949
700 ## - ADDED ENTRY--PERSONAL NAME
Personal name De Crescenzo Luciano
Miscellaneous information Codice autore testo/musica SPICS: 22985
Relator term Autore testo/musica
Name of part/section of a work Apri la bocca (E fai fuoco)
9 (RLIN) 31950
700 ## - ADDED ENTRY--PERSONAL NAME
Personal name Silvestri Daniele
Miscellaneous information Codice autore testo/musica SPICS: 43224
Relator term Autore testo/musica
Name of part/section of a work Il fiume e la nebbia - Al fratello che non ho
9 (RLIN) 31951
700 ## - ADDED ENTRY--PERSONAL NAME
Personal name D'Argenio P.
Miscellaneous information Codice autore musica SPICS: 49681
Relator term Autore musica
Name of part/section of a work Il miracolo
9 (RLIN) 31952
700 ## - ADDED ENTRY--PERSONAL NAME
Personal name Mesolella F.
Miscellaneous information Codice autore SPICS: 49682
Relator term Autore
Name of part/section of a work Il miracolo
9 (RLIN) 31953
700 ## - ADDED ENTRY--PERSONAL NAME
Personal name Tronco M.
Miscellaneous information Codice autore testo/musica SPICS: 49683
Relator term Autore testo/musica
Name of part/section of a work Il miracolo
9 (RLIN) 31954
700 ## - ADDED ENTRY--PERSONAL NAME
Personal name Testa G.
Miscellaneous information Codice autore musica SPICS: 49684
Relator term Autore musica
Name of part/section of a work Un aeroplano a vela
9 (RLIN) 31955
700 ## - ADDED ENTRY--PERSONAL NAME
Personal name Ponzo P.R.
Miscellaneous information Codice autore testo/musica SPICS: 49685
Relator term Autore testo/musica
Name of part/section of a work Un aeroplano a vela
9 (RLIN) 31956
942 ## - ADDED ENTRY ELEMENTS (KOHA)
Koha item type CD AUDIO
Source of classification or shelving scheme Dewey Decimal Classification
Dati di copia
Withdrawn status Lost status Damaged status Not for loan Home library Current library Date acquired Total Checkouts Full call number Date last seen Price effective from Koha item type Public note
    Buone Condizioni Not For Loan SPICS-MEDIATECA SPICS-MEDIATECA 25/10/2013   E7733 25/10/2013 25/10/2013 CD AUDIO Progr. Ins.: 2798 / N.Vol.: 1 / Copie: 1 - Copia rara: n.d. / date import: 01.01.2014 - By Epidotti, Trombetti, Vaglietti
CREDITS: SOCIETA' SAN PAOLO Via A.Severo, 58 - ROMA (RM) & PERIODICI SAN PAOLO SRL Via Giotto, 36 MILANO & CISF Via Giotto, 36 MILANO & EDIZIONI SAN PAOLO SRL,  Piazza Soncino, 5 CINISELLO BALSAMO (MI) -- ITALY